000 00469nam a2200181Ia 4500
001 8567
005 20260306160619.0
008 260306t2005||||xx |||||||||||||| ||spa||
041 _aESP
082 _a371.13
_bD33
100 _aDay, Christopher
_eAUT
245 0 _aFormar docentes:
_bcómo, cuándo y en qué condiciones aprende el profesorado
260 _c2005
300 _a284 páginas :
_c24 cm.
650 _aGEN
654 _aCED
942 _cLIB
_dJUS
_fJUS
_2ddc
_n
999 _c8567
_d8567